Southville International School and Colleges
Your cart is empty.
  • Cart
  • Lists
    Public lists Eva Luna New books Lux_list list_1
    Your lists Log in to create your own lists
  • Log in to your account
  • Your cookies
  • Search history
Southville International School and Colleges
  • Advanced search
  • Recent comments
  • Most popular
  • Libraries

Log in to your account

Log in with GOOGLE


If you do not have an external account, but do have a local account, you can still log in:

  1. Home
  2. MARC view: In company :
Normal view MARC view ISBD view

In company : (Record no. 275558)

[ view plain ]
MARC details
000 -LEADER
fixed length control field 00995nam a22002057a 4500
005 - DATE AND TIME OF LATEST TRANSACTION
control field 20140911100840.0
008 - FIXED-LENGTH DATA ELEMENTS--GENERAL INFORMATION
fixed length control field 140911b xxu||||| |||| 00| 0 eng d
020 ## - INTERNATIONAL STANDARD BOOK NUMBER
International Standard Book Number 9780230717145
050 ## - LIBRARY OF CONGRESS CALL NUMBER
Classification number HD 30.4
Item number .P882 2009
100 ## - MAIN ENTRY--PERSONAL NAME
Personal name Powell, Mark.
245 ## - TITLE STATEMENT
Title In company :
Remainder of title intermediate student's book with cd-rom /
Statement of responsibility, etc Mark Powell.
250 ## - EDITION STATEMENT
Edition statement 2nd ed.
260 ## - PUBLICATION, DISTRIBUTION, ETC. (IMPRINT)
Place of publication, distribution, etc Oxford, England :
Name of publisher, distributor, etc Macmillan Education,
Date of publication, distribution, etc c2009.
300 ## - PHYSICAL DESCRIPTION
Extent 159 pages :
Other physical details colored illustration ;
Dimensions 30 cm.
Accompanying material + 1 CD-ROM (4 3/4 in.)
520 ## - SUMMARY, ETC.
Summary, etc The second edition Student's Books contain clearly defined topic and skills-based units, real-world tasks and more case studies, all which are instantly relevant to everyday business life development. The CD-ROM has an interactive glossary and class audio as MP3 downloads.
521 ## - TARGET AUDIENCE NOTE
Target audience note
650 ## - SUBJECT ADDED ENTRY--TOPICAL TERM
Topical term or geographic name as entry element English language
General subdivision Business English
-- Textbooks for foreign speakers.
650 ## - SUBJECT ADDED ENTRY--TOPICAL TERM
Topical term or geographic name as entry element English language
General subdivision Business English
-- Problems, exercises, etc.
942 ## - ADDED ENTRY ELEMENTS (KOHA)
Source of classification or shelving scheme Library of Congress Classification
Koha item type Books
Call number prefix Foreign
Holdings
Withdrawn status Lost status Source of classification or shelving scheme Damaged status Not for loan Home library Current library Shelving location Date acquired Source of acquisition Total Checkouts Full call number Barcode Date last seen Price effective from Koha item type
    Library of Congress Classification   On Process College Library College Library General Circulation Section 09/11/2014 Donation   HD 30.4 .P882 2009 C18595 05/15/2018 09/11/2014 Books

In company :

APA

Powell M., . (2009). In company. Oxford, England: Macmillan Education.

Chicago

Powell Mark, . 2009. In company. Oxford, England: Macmillan Education.

Harvard

Powell M., . (2009). In company. Oxford, England: Macmillan Education.

MLA

Powell Mark, . In company. Oxford, England: Macmillan Education. 2009.

  • Place hold
  • Print
  • Cite
  • Add to your cart (remove)
  • Save record
    BIBTEX Dublin Core MARCXML MARC (non-Unicode/MARC-8) MARC (Unicode/UTF-8) MARC (Unicode/UTF-8, Standard) MODS (XML) RIS
  • More searches
    Search for this title in:
    Other Libraries (WorldCat) Other Databases (Google Scholar) Online Stores (Bookfinder.com) Open Library (openlibrary.org)

Exporting to Dublin Core...

SOUTHVILLE LIBRARY

Southville International School and Colleges Library

1281 Tropical Ave. Cor. Luxembourg St., BF Homes International, Las Pinas City

Tel. No. 8256374 / 252358 Loc. 117/146

Powered by Koha